000 00304nam a22001337a 4500
008 181022b xxu||||| |||| 00| 0 eng d
020 _a0815159374
041 _aeng
080 _a617
100 _a6
101 _aANE
245 _aAnesthesia for Infants and Children
_cMotoyama, E.K
942 _2udc
_cBK
999 _c50465
_d50465